Anime Titles by Pictures - Statistics

General Stats
  • This quiz has been taken 649 times
  • The average score is 3 of 12
Answer Stats
Picture Answer % Correct
Food Wars
88%
Steins;Gate
49%
Elfen Lied
35%
I Want to Eat Your Pancreas
32%
Ranking of Kings
29%
Grand Blue
26%
The 100 Girlfriends Who Really, Really, Really, Really, Really Love You
25%
The Dangers in My Heart
13%
5 Centimeters per Second
5%
Bocchi the Rock
5%
Higehiro: After Being Rejected, I Shaved and Took in a High School Runaway
4%
Mushishi
1%
No matching quizzes found
Score Distribution
Percent of People with Each Score
Percentile by Number Answered
Your Score History
You have not taken this quiz